00874nac a22002051u 4500008004000000020001700040082001800057100002900075245011300104260006400217300002200281504007300303511002400376541002100400650003700421650002600458942002600484999001500510952014300525100719t ua|||||r|||| 001 0 ara d a9771110659 : a100bم ي د aميد، هنتر916483 aالفلسفة :bأنواعها ومشكلاتها /cهنتر ميد ؛ ترجمة فؤاد زكريا aالقاهرة :bدار مصر للطباعة ،1969c1969 a454 ؛صc24 سم aيشتمل على إرجاعات ببليوجرافية وكشاف aCatalogued by: Sara a؛ الف باء aالأخلاق، علم915106 aالفلسفة916209 cBBk100 م ي د2ddc c5488d5488 00102ddc40708Alef-BaaaMAINbMAINcLOWd2011-02-22epurchaseo100 م ي دp000006876q2026-05-21r2025-12-08 00:00:00s2025-12-08yBB